Normal view
MARC view
Entry Personal Name
001 - CONTROL NUMBER
- control field: 49151
003 - CONTROL NUMBER IDENTIFIER
- control field: OSt
005 - DATE AND TIME OF LATEST TRANSACTION
- control field: 20241129145754.0
008 - FIXED-LENGTH DATA ELEMENTS
- fixed length control field: 241129|| aca||aabn | a|a d
040 ## - CATALOGING SOURCE
- Original cataloging agency: OSt
- Transcribing agency: OSt
100 ## - HEADING--PERSONAL NAME
- Personal name: Small, Mario L. Brant, Kristina and Fekete, Maleah
670 ## - SOURCE DATA FOUND
- Source citation: Work cat.: (OSt): Small, Mario L. Brant, Kristina and Fekete, Maleah , The avoidance of strong ties
